000 00259nam a2200109Ia 4500
008 190216s9999||||xx |||||||||||||| ||und||
100 _aCheriyan M K
245 0 _aKrishna Gada Soubadrika Katha
260 _bVidyarthimithram
650 _aKavitha
942 _cBK
999 _c26422
_d26422